Movies Quiz

Random Movies or Clickable Quiz

Jack Nicholson Needs A Job Quiz Stats

 Plays Quiz not verified by Sporcle

Challenge
Share
Tweet
Embed
Score 0/25 Timer 09:00
1 Play Today
% Correct
Mental Patient
88.8%
Mob Boss
82.4%
Psychopathic Criminal
82.3%
Writer
81.7%
U.S. President
80.3%
U.S. Colonel
80%
Private Detective
77.3%
Therapist
71.1%
Writer
68.4%
Labor Union Leader
62.8%
News Anchor
62.4%
Immigration Enforcement Agent
59.6%
Retired Astronaut
53.5%
% Correct
Retired Insurance Actuary
49.8%
Horse Thief
43.6%
Oil Rigger (Concert Pianist)
41.9%
U.S. Navy Petty Officer
41.3%
Journalist
40.1%
Hospital Magnate
38.6%
Music Industry Executive
35%
Lawyer
34.3%
Lawyer
34.1%
Publisher
23.3%
Journalist
21.1%
Playwright
20.8%

You're not logged in!

Compare scores with friends on all Sporcle quizzes.
OR
Log In

You Might Also Like...

Show Comments

Extras

Top Quizzes Today


Score Distribution

Your Account Isn't Verified!

In order to create a playlist on Sporcle, you need to verify the email address you used during registration. Go to your Sporcle Settings to finish the process.

Report this User

Report this user for behavior that violates our Community Guidelines.

Details: